| 000 | 01203cam a22003493a 4500 | ||
|---|---|---|---|
| 001 | 16415292 | ||
| 003 | PILC | ||
| 005 | 20160112142911.0 | ||
| 008 | 990126s1997 nyu 000 1 eng d | ||
| 010 | _a 99609626 | ||
| 020 | _a0446604585 | ||
| 035 | _a(OCoLC)ocm40681037 | ||
| 040 |
_aOKN _cOKN _dOCL _dOCLCQ _dDLC |
||
| 050 | 0 | 0 |
_aPZ 7 _b.F911 1997 |
| 082 |
_aFIC _bF91b 1997 |
||
| 100 | 1 |
_aFriedman, Michael Jan. _920253 |
|
| 245 | 1 | 0 |
_aBatman & robin _cMichael Jan Friedman ; based on the screenplay by Akiva Goldsman. |
| 246 | 3 | _aBatman and Robin | |
| 260 |
_aNew York : _bWarner Books, _cc1997. |
||
| 300 |
_a219 p. : _c18 cm. |
||
| 630 | 0 | 0 |
_aBatman & Robin (Motion picture) _920254 |
| 650 | 0 |
_aBatman (Fictitious character) _vFiction. _920255 |
|
| 650 | 0 |
_aRobin the Boy Wonder (Fictitious character) _vFiction. _920256 |
|
| 650 | 0 |
_aBatgirl (Fictitious character) _vFiction. _920257 |
|
| 650 | 0 |
_aHeroes _vFiction. _920258 |
|
| 655 | 7 |
_aAdventure fiction. _2gsafd _93061 |
|
| 700 | 1 |
_aGoldsman, Akiva. _920259 |
|
| 710 | 2 |
_aCopyright Paperback Collection (Library of Congress) _5DLC _9705 |
|
| 906 |
_a7 _bcbc _ccopycat _d2 _encip _f19 _gy-genrareb |
||
| 942 |
_2lcc _cBK |
||
| 999 |
_c11442 _d11442 |
||